000 00324nam a2200133Ia 4500
008 240624s9999 xx 000 0 und d
041 _aeng
082 _a823 MAC
100 _aMACLEAN ALISTAIR
245 _aGUNS OF NAVARONE
260 _c2004
_aNew Delhi
_bHarperCollins
300 _a410 : p. : cm. ; 18
365 _cRS
_b25
999 _c18552
_d18552